000 00693nam a22002177a 4500
003 OSt
005 20180116183033.0
008 160209b xxu||||| |||| 00| 0 eng d
020 _a9781784152277
040 _c0
050 _a657
082 _a657 ACC 2015
100 _aKaplan Publishing
110 _aKaplan Publishing.
245 _aACCA Exame Kit Paper F5 Performance Management (PM).
_cKaplan Publishing.
_bExame Kit - Valid For september 2015, December 2015, March 2016 and June 2016
260 _aUK
_bKaplan Publishing.
_c2015.
300 _a358+21 p.
_bPB
440 _aACCA Exame Kit Paper F5 Performance Management (PM).
500 _aPaper Cover
942 _2ddc
_cBK
_k657
999 _c351112
_d351112